|
|
|
|
| LEADER |
00000nab a2200000 ar4500 |
| 001 |
vtls009281693 |
| 003 |
SK-MaSNL |
| 005 |
20260303052112.0 |
| 008 |
080402c20080327xo mr|p|||||||000 b|slo |
| 015 |
|
|
|a SNKBUCL2008/05
|2 snkbucl
|
| 038 |
|
|
|a SNKBUCL
|
| 040 |
|
|
|a SNKBUCL
|b slo
|c SNKBUCL
|e AACR2
|
| 041 |
0 |
|
|a slo
|
| 044 |
|
|
|a xo
|c SK
|
| 080 |
|
|
|a 629.331.1
|2 2001
|
| 245 |
0 |
0 |
|a Keď ide o imidž
|b Lancia MUSA 1,9 Multi JET
|
| 300 |
|
|
|b Fotogr., tab.
|
| 650 |
0 |
7 |
|a Lancia MUSA (osobný automobil)
|2 snkbucl
|9 1042724
|
| 650 |
0 |
7 |
|a technické parametre
|2 snkbucl
|9 452097
|
| 650 |
0 |
7 |
|a osobné automobily
|2 snkbucl
|9 26643
|
| 773 |
0 |
|
|t Šport
|g Roč. 62, č. 72 (27.3.2008), s. 35
|x 0139-7001
|
| 852 |
|
|
|a SNK
|b KIS3GCP
|
| 999 |
|
|
|c 1713987
|d 1715917
|